00346nam a2200133 a 450000500170000000800410001702000180005805000240007624500240010026000390012430000090016344000250017250000150019720140412111421.0071129s19uu xx 00 eng d a1-55799-913-9 aTR(GS 091bM31 2003 aManuscript writing. aU.S.A :bThe learning line,c2003. a32p. aSuccess measures up! aGrades K-2